Au-delà des œuvres : (Record no. 16025)

000 -LEADER
fixed length control field 00449cam a2200157 a 4500
020 ## - INTERNATIONAL STANDARD BOOK NUMBER
ISBN 9782296119949
040 ## - CATALOGING SOURCE
Transcribing agency DLC
082 ## - DEWEY DECIMAL CLASSIFICATION NUMBER
Classification number 940 HAR 2010 A105 Or.
245 00 - TITLE STATEMENT
Title Au-delà des œuvres :
Remainder of title les voies de l'analyse du discours littéraire /
260 ## - PUBLICATION, DISTRIBUTION, ETC. (IMPRINT)
Place of publication Paris :
Name of publisher Harmattan,
Year of publication c2010.
300 ## - PHYSICAL DESCRIPTION
Number of Pages 206 p. ;
Dimensions 22 cm.
650 #0 - SUBJECT ADDED ENTRY--TOPICAL TERM
Topical Term Discourse analysis, Literary.
700 1# - ADDED ENTRY--PERSONAL NAME
Personal name Maingueneau, Dominique.
700 1# - ADDED ENTRY--PERSONAL NAME
Personal name Østenstad, Inger.
942 ## - ADDED ENTRY ELEMENTS (KOHA)
Koha item type សៀវភៅភាសាអង់គ្លេស
952 ## - LOCATION AND ITEM INFORMATION (KOHA)
Withdrawn status [LOCAL, KOHA] 0
Holdings
Permanent Location Date acquired Koha item type Lost status Shelving location Barcode Current Location Full call number
Library Block A2017-12-26សៀវភៅភាសាអង់គ្លេស A104A12914Library Block A940 HAR 2010 A104 Or.
មជ្ឈមណ្ឌលឯការនៃសាកលវិទ្យាល័យភូមិន្ទកសិកម្មចំការដូង

Powered by Koha